000 00306nam a22001337a 4500
008 170413b xxu||||| |||| 00| 0 eng d
020 _a9781582557229
041 _aeng
080 _a618
100 _a10
101 _aSHM
245 _aTHE 5 MINUTE UROLOGY CONSULRT
_cGOMELLA.L.G
942 _2udc
_cBK
999 _c10605
_d10605